Industrial and Commercial Law (Record no. 343607)
[ view plain ]
| 000 -LEADER | |
|---|---|
| fixed length control field | 00394 a2200133 4500 |
| 082 ## - DEWEY DECIMAL CLASSIFICATION NUMBER | |
| Classification number | 346.07 |
| 090 ## - LOCALLY ASSIGNED LC-TYPE CALL NUMBER (OCLC); LOCAL CALL NUMBER (RLIN) | |
| -- | 1073 |
| -- | 1073 |
| 100 ## - MAIN ENTRY--PERSONAL NAME | |
| Personal name | Din,Nizam Ud |
| 245 ## - TITLE STATEMENT | |
| Title | Industrial and Commercial Law |
| Remainder of title | Questions and Suggested Answers May 1990 to May 1994 |
| Statement of responsibility, etc. | Nizam Ud Din |
| 260 ## - PUBLICATION, DISTRIBUTION, ETC. | |
| Place of publication, distribution, etc. | Lahore |
| Name of publisher, distributor, etc. | Accountancy Training Program |
| Date of publication, distribution, etc. | 1994 |
| 300 ## - PHYSICAL DESCRIPTION | |
| Extent | 109p |
| 500 ## - GENERAL NOTE | |
| General note | Paper cover |
| 942 ## - ADDED ENTRY ELEMENTS (KOHA) | |
| Institution code [OBSOLETE] | NBS |
| Koha item type | Book |
| Call number prefix | 346.07 NIZ |
| Withdrawn status | Lost status | Damaged status | Not for loan | Permanent Location | Current Location | Date acquired | Total Checkouts | Full call number | Barcode | Date last seen | Date last checked out | Price effective from | Koha item type |
|---|---|---|---|---|---|---|---|---|---|---|---|---|---|
| NUST Law School (NLS) | NUST Law School (NLS) | 08/28/2013 | 1 | 346.07 NIZ | NBS2092 | 11/23/2017 | 08/18/2017 | 08/28/2013 | Book |
